000 00514nmm a2200193Ia 4500
008 251105s9999||||xx |||||||||||||||||und||
020 _a9788499187136
041 _aspa
100 _aJames, Peter
245 0 _aEsquivar la muerte
264 _a[Madrid, España] :
_bRoca Editorial,
_c2014
300 _a509 páginas
490 _aRoy Grace
650 _aThriller & Suspense
700 _aJames, Peter
700 1 _a Rizzo, Jorge
856 _uhttps://public.digitaliapublishing.com/a/34544
942 _cCF
999 _c67191
_d67191